000 00379nam a22001457a 4500
003 OSt
005 20230714090658.0
008 230714b |||||||| |||| 00| 0 eng d
040 _csero soft
100 _aZelgler,Earle F
245 _aApplied ethics for sports of physical activity Professionals
260 _aNew delhi
_bFriends publication
300 _a267
942 _2ddc
_c01
999 _c56912
_d56912